Bringing the rainbow : (Record no. 145880)

MARC details
000 -LEADER
fixed length control field 00691nam a22001817a 4500
005 - DATE AND TIME OF LATEST TRANSACTION
control field 20180702171102.0
010 ## - LCCN (DPL NO)
LC control number 1718EN-30
020 ## - INTERNATIONAL STANDARD BOOK NUMBER
International Standard Book Number 9788129142115
Terms of availability 595.00
037 ## - SOURCE OF ACQUISITION
Source of stock number/acquisition Pansy Books
Stock number dpl
082 ## - DEWEY DECIMAL CLASSIFICATION NUMBER
Classification number 338.092
100 ## - MAIN ENTRY--PERSONAL NAME
Personal name Somany, R.K.
245 ## - TITLE STATEMENT
Title Bringing the rainbow :
Statement of responsibility, etc by R.K. Somany
Remainder of title the hindware story /
260 ## - PUBLICATION, DISTRIBUTION, ETC. (IMPRINT)
Place of publication, distribution, etc New Delhi
Name of publisher, distributor, etc Rupa Pub.
Date of publication, distribution, etc 2016
270 ## - ADDRESS
Address 7/16, Ansari Road, Daryaganj,
City New Delhi
Postal code 110002
300 v# - PHYSICAL DESCRIPTION
Extent xii,201p.
Dimensions 23cm(Hb)
942 ## - ADDED ENTRY ELEMENTS (KOHA)
Source of classification or shelving scheme Dewey Decimal Classification
Item type English Books
Call number suffix SOM
Classification part 338.092
Holdings
Withdrawn status Lost status Not for loan Collection code Home library Current library Date acquired Source of acquisition Cost, normal purchase price Full call number Barcode Copy number Cost, replacement price Koha item type
      Non-fiction Ashok Vihar Ashok Vihar 02/07/2018 Pansy books-1700/5.12.17/669/20.11.17/6.1.18 595.00 338.092 SOM B-686502 1 595.00 English Books
      Non-fiction Bawana Bawana 02/07/2018 Pansy books-1700/5.12.17/669/20.11.17/6.1.18 595.00 338.092 SOM B-686505 1 595.00 English Books
      Non-fiction Central Library Central Library 02/07/2018 Pansy books-1700/5.12.17/669/20.11.17/6.1.18 595.00 338.092 SOM B-686498 1 595.00 English Books
      Non-fiction Janak Puri Janak Puri 02/07/2018 Pansy books-1700/5.12.17/669/20.11.17/6.1.18 595.00 338.092 SOM B-686504 1 595.00 English Books
      Non-fiction Mobile Library Mobile Library 02/07/2018 Pansy books-1700/5.12.17/669/20.11.17/6.1.18 595.00 338.092 SOM B-686499 2 595.00 English Books
      Non-fiction Mobile Library Mobile Library 02/07/2018 Pansy books-1700/5.12.17/669/20.11.17/6.1.18 595.00 338.092 SOM B-686500 2 595.00 English Books
      Non-fiction New Police Line New Police Line 02/07/2018 Pansy books-1700/5.12.17/669/20.11.17/6.1.18 595.00 338.092 SOM B-686501 1 595.00 English Books
      Non-fiction Patel Nagar Patel Nagar 02/07/2018 Pansy books-1700/5.12.17/669/20.11.17/6.1.18 595.00 338.092 SOM B-686503 1 595.00 English Books

© Delhi Public Library
Hit Counter
free hit counter